| 000 | 00818cab a22002175a 4500 | ||
|---|---|---|---|
| 001 | L153450 | ||
| 008 | 110729e20110728xxkd f 000 0 eng d | ||
| 035 | _a(Sirsi) u153450 | ||
| 041 | 0 | _aeng | |
| 100 | 1 | _aSandland, Ian | |
| 245 | 0 | 0 |
_aMixed picture _bcost analysis, European construction market |
| 260 | _c2011 | ||
| 490 | 0 |
_aNew Civil Engineer _v28 July 2011, 14-15(2) |
|
| 520 | _aOverview of current European construction activity highlighting the countries where opportunities for civil engineering works are coming to the fore. Table of relative cost of construction in 20 capital cities. | ||
| 590 | _aKA | ||
| 651 | 4 | _aEurope | |
| 690 | _aMANAGEMENT-BUSINESS MANAGEMENT-FINANCIAL MANAGEMENT | ||
| 690 | _aBUILT ENVIRONMENT-CONSTRUCTION MARKET | ||
| 710 |
_aRider Levett Bucknall _95520 |
||
| 942 | _n0 | ||
| 999 |
_c83297 _d83297 |
||